000 00621cam a22002292a 4500
999 _c35307
_d35307
001 003328
003 AR-FADEU
005 20220531120919.0
008 311216n1987####xxu####################dd
040 _cBiblioteca Ernesto Sábato
092 _a146.2
_bM337s
_eJLS
100 _aMarín, Juan Carlos
245 _aLa silla en la cabeza : Michel Foucault en una polémica acerca del saber y el poder
260 _aBuenos Aires
260 _bNueva América
260 _c1987
300 _a113 p
440 _aNueva argentina
650 _aFILOSOFIA; FOUCAULT, MICHEL
650 _aJLS
942 _cJLS
_2ddc